200 Challenging Chess Puzzles (Record no. 571956)

MARC details
000 -LEADER
fixed length control field 00463nam a2200181 4500
008 - FIXED-LENGTH DATA ELEMENTS--GENERAL INFORMATION
fixed length control field 250612b |||||||| |||| 00| 0 eng d
020 ## - INTERNATIONAL STANDARD BOOK NUMBER
ISBN 9788172451127
Paper back/Hardbound pbk
041 ## - LANGUAGE CODE
Language code of text/sound track or separate title eng
082 ## - DEWEY DECIMAL CLASSIFICATION NUMBER
Classification number 794.1
Item number GRI;1
100 ## - MAIN ENTRY--AUTHOR NAME
Personal name Greif, Martin
245 ## - TITLE STATEMENT
Title 200 Challenging Chess Puzzles
260 ## - PUBLICATION, DISTRIBUTION, ETC. (IMPRINT)
Place of publication New Delhi
Name of publisher Goodwill Publishing House
Year of publication 2023
300 ## - PHYSICAL DESCRIPTION
Number of Pages 143p.
650 ## - SUBJECT ADDED ENTRY--TOPICAL TERM
Topical Term Children book
700 ## - ADDED ENTRY--PERSONAL NAME
Personal name Martin Greif
942 ## - ADDED ENTRY ELEMENTS (KOHA)
Koha item type English Books
Holdings
Withdrawn status Lost status Damaged status Not for loan Home library Current library Shelving location Date acquired Full call number Accession Number Price effective from Koha item type
        Anna Centenary Library Anna Centenary Library CHILDREN SECTION-1ST FLOOR, B WING 26.09.2010 794.1 GRI;1 224765 12.06.2025 English Books

Find us on the map